Wunderhorse - Leader of the Pack Lyrics - Statistics

General Stats
  • This quiz has been taken 20 times
  • The average score is 252 of 304
Answer Stats
Answer % Correct
a
100%
an
100%
get
100%
have
100%
I
100%
leader
100%
of
100%
pack
100%
people
100%
Some
100%
special
100%
the
100%
they
100%
and
94%
And
94%
back
94%
do
94%
in
94%
In
94%
it
94%
it?
94%
it's
94%
kinda
94%
stab
94%
when
94%
you
94%
from
88%
just
88%
knack
88%
nine
88%
no
88%
out
88%
pain
88%
pleasure
88%
ten
88%
times
88%
what
88%
change
81%
don't
81%
me
81%
that
81%
thing
81%
to
81%
but
75%
dynamite
75%
Like
75%
saw
75%
blood
69%
crying
69%
didn't
69%
doorway
69%
feel
69%
getting
69%
light
69%
rain
69%
same
69%
say
69%
you're
69%
before
63%
flood
63%
motion
63%
pretty
63%
set
63%
wanted
63%
all
56%
All
56%
as
56%
eyes
56%
mean
56%
my
56%
with
56%
yeah
56%
life
50%
ocean
50%
turned
50%
wheels
50%
world
50%
between
44%
move
44%
are
38%
down
38%
glance
38%
master
38%
puppet
38%
always
31%
echo
31%
forever
31%
intertwined
31%
moon
31%
now
31%
shadow
31%
tide
31%
bind
25%
danced
25%
dancer
25%
hallways
25%
stirred
25%
ties
19%
you'll
13%
No matching quizzes found
Score Distribution
Percent of People with Each Score
Percentile by Number Answered
Your Score History
You have not taken this quiz